[Event "XXXIII OPEN INTERNACIONAL  "VILLA DE BENASQUE" (77
[Site "Benasque (Spain)"]
[Date "2013.07.12"]
[Round "9"]
[Board "2"]
[White "RODSHTEIN, Maxim"]
[Black "SHYAM, Sundar M."]
[Result "1-0"]
[WhiteElo "2641"]
[BlackElo "2505"]
[PlyCount "55"]
[EventDate "2013.07.04"]
[EventRounds "10"]
[EventCountry "ESP"]

1. d4 Nf6 2. c4 e6 3. Nf3 d5 4. g3 dxc4 5. Bg2 Bd7 6. Ne5 Bc6 7. Nxc6 Nxc6 8.
e3 Qd7 9. O-O O-O-O 10. Qa4 Nd5 11. Qxc4 h5 12. Bd2 h4 13. Rc1 f5 14. Na3 g5
15. Qa4 hxg3 16. hxg3 Bxa3 17. bxa3 f4 18. exf4 gxf4 19. Rab1 fxg3 20. Qb5 Nb6
21. Rxc6 Qf7 22. fxg3 bxc6 23. Qxc6 Nd5 24. Bf4 Rh7 25. Qb7+ Kd7 26. Bxd5 exd5
27. Qxc7+ Ke6 28. Qe5+ 1-0

[Event "XXXIII OPEN INTERNACIONAL  "VILLA DE BENASQUE" (77
[Site "Benasque (Spain)"]
[Date "2013.07.12"]
[Round "9"]
[Board "4"]
[White "NEELOTPAL, Das"]
[Black "UBILAVA, Elizbar"]
[Result "1/2-1/2"]
[WhiteElo "2445"]
[BlackElo "2490"]
[PlyCount "73"]
[EventDate "2013.07.04"]
[EventRounds "10"]
[EventCountry "ESP"]

1. d4 g6 2. c4 Bg7 3. Nc3 d6 4. Nf3 Nf6 5. e4 O-O 6. h3 Na6 7. Bg5 h6 8. Be3 e5
9. dxe5 dxe5 10. Qxd8 Rxd8 11. a3 c6 12. Be2 Nc7 13. O-O Nh7 14. Rfd1 Re8 15.
c5 Be6 16. Nd2 Rad8 17. b4 a6 18. a4 Re7 19. b5 axb5 20. axb5 Nxb5 21. Nxb5
cxb5 22. Bxb5 f5 23. f3 Nf6 24. Kf1 Bf8 25. Bc4 Bxc4+ 26. Nxc4 Rxd1+ 27. Rxd1
fxe4 28. Rd8 g5 29. h4 exf3 30. gxf3 Nh7 31. Nd6 Rc7 32. hxg5 Nxg5 33. Rb8 Ne6
34. Nxb7 Kf7 35. Nd6+ Bxd6 36. cxd6 Rd7 37. Bxh6 1/2-1/2

[Event "XXXIII OPEN INTERNACIONAL  "VILLA DE BENASQUE" (77
[Site "Benasque (Spain)"]
[Date "2013.07.12"]
[Round "9"]
[Board "6"]
[White "BURG, Twan"]
[Black "GEORGIEV, Kiril"]
[Result "1/2-1/2"]
[WhiteElo "2479"]
[BlackElo "2636"]
[PlyCount "104"]
[EventDate "2013.07.04"]
[EventRounds "10"]
[EventCountry "ESP"]

1. e4 e5 2. Nf3 Nc6 3. Bb5 Nf6 4. O-O Nxe4 5. d4 Nd6 6. dxe5 Nxb5 7. a4 Nbd4 8.
Nxd4 d5 9. exd6 Bxd6 10. Re1+ Be7 11. Bg5 f6 12. Be3 Ne5 13. Qh5+ g6 14. Qe2
O-O 15. Nc3 Bg4 16. f3 Bd7 17. Rad1 Rf7 18. Bf4 Bd6 19. Ncb5 Qf8 20. Nxd6 Qxd6
21. Bxe5 fxe5 22. Nb5 Qb6+ 23. Qe3 Bxb5 24. axb5 Qxb5 25. Qxe5 Qxe5 26. Rxe5
Kf8 27. Kf2 a5 28. c4 Re7 29. Rxe7 Kxe7 30. Rd5 c6 31. Rd3 b5 32. cxb5 cxb5 33.
Rd5 b4 34. b3 Ke6 35. Rb5 Kd6 36. Ke2 Kc6 37. Rg5 Kb6 38. h4 a4 39. bxa4 Rxa4
40. Kd3 Ra5 41. Kc4 Rxg5 42. hxg5 Ka5 43. Kb3 Kb5 44. f4 Kc5 45. g4 Kd5 46. f5
gxf5 47. gxf5 Ke5 48. f6 Ke6 49. Kxb4 h6 50. gxh6 Kxf6 51. h7 Kg7 52. h8=Q+
Kxh8 1/2-1/2

[Event "XXXIII OPEN INTERNACIONAL  "VILLA DE BENASQUE" (77
[Site "Benasque (Spain)"]
[Date "2013.07.12"]
[Round "9"]
[Board "8"]
[White "KOVCHAN, Alexander"]
[Black "FORCEN ESTEBAN, Daniel"]
[Result "1/2-1/2"]
[WhiteElo "2577"]
[BlackElo "2493"]
[PlyCount "131"]
[EventDate "2013.07.04"]
[EventRounds "10"]
[EventCountry "ESP"]

1. e4 c5 2. Nf3 d6 3. d4 Nf6 4. Nc3 cxd4 5. Nxd4 a6 6. Be2 e5 7. Nb3 Be7 8. O-O
O-O 9. Be3 Be6 10. Qd2 Nbd7 11. a4 Nb6 12. a5 Nc4 13. Bxc4 Bxc4 14. Rfd1 Rc8
15. Nc1 Be6 16. f3 Qc7 17. Bb6 Qc4 18. Nd3 Bd7 19. Kh1 Bd8 20. Bf2 h6 21. Be1
Be6 22. Ra4 Qc7 23. Nb4 Be7 24. Bf2 Qd7 25. b3 Qc7 26. Be1 Rfd8 27. Ra2 Qb8 28.
Bf2 Rd7 29. Ncd5 Nxd5 30. Nxd5 Bd8 31. Qb4 f5 32. exf5 Bxf5 33. c4 Rc6 34. Rad2
Be6 35. Qc3 Qc8 36. Be3 Rf7 37. Qb2 Qb8 38. Qa3 Bxd5 39. Rxd5 Be7 40. Qb2 Qc8
41. Qc2 Qf5 42. Qxf5 Rxf5 43. f4 h5 44. h3 h4 45. fxe5 Rxe5 46. Rxe5 dxe5 47.
Rd7 Bc5 48. Bg1 e4 49. Rd5 Bb4 50. Bf2 Re6 51. Be3 Rd6 52. Rxd6 Bxd6 53. Bg5
Bb4 54. Kg1 Bxa5 55. Kf2 Bb6+ 56. Ke2 Kf7 57. Bxh4 Ke6 58. Bf2 Bc7 59. Bd4 g6
60. g4 Bf4 61. h4 b5 62. h5 gxh5 63. gxh5 bxc4 64. bxc4 a5 65. Bg7 Kf7 66. Bb2
1/2-1/2

[Event "XXXIII OPEN INTERNACIONAL  "VILLA DE BENASQUE" (77
[Site "Benasque (Spain)"]
[Date "2013.07.12"]
[Round "9"]
[Board "9"]
[White "BURMAKIN, Vladimir"]
[Black "DEEPAN, Chakkravarthy J."]
[Result "1-0"]
[WhiteElo "2559"]
[BlackElo "2468"]
[PlyCount "51"]
[EventDate "2013.07.04"]
[EventRounds "10"]
[EventCountry "ESP"]

1. Nf3 Nf6 2. b3 g6 3. Bb2 Bg7 4. g3 O-O 5. Bg2 d6 6. d4 c6 7. O-O a5 8. a4 Bg4
9. Nbd2 Nbd7 10. e4 Qc7 11. h3 Bxf3 12. Qxf3 e5 13. Rfd1 exd4 14. Bxd4 Rfe8 15.
Qf4 Nh5 16. Qe3 d5 17. Bxg7 Nxg7 18. Qc3 dxe4 19. Nxe4 Re7 20. Rd2 f5 21. Nd6
Nb6 22. Rad1 h6 23. g4 Kh7 24. gxf5 gxf5 25. Rd3 Rd7 26. Nxf5 1-0